Coat Of Arms Of Each Country - Statistics

General Stats
  • This quiz has been taken 17 times
    13 since last reset
  • The average score is 62 of 183
Answer Stats
Picture Answer % Correct
USA
90%
Mexico
80%
Belize
60%
Canada
60%
Guatemala
60%
Paraguay
60%
Andorra
50%
Argentina
50%
Belgium
50%
Bolivia
50%
Brazil
50%
Colombia
50%
Costa Rica
50%
Dominican Republic
50%
Ecuador
50%
France
50%
Germany
50%
Haiti
50%
Honduras
50%
Iceland
50%
Ireland
50%
Nicaragua
50%
Panama
50%
Peru
50%
Portugal
50%
Spain
50%
Suriname
50%
Tunisia
50%
Uruguay
50%
Albania
40%
Austria
40%
Bahrain
40%
Belarus
40%
Bosnia
40%
Brunei
40%
Burkina Faso
40%
Chile
40%
China
40%
Croatia
40%
Denmark
40%
Ethiopia
40%
Greece
40%
Hong Kong
40%
Hungary
40%
Iran
40%
Iraq
40%
Israel
40%
Kazakhstan
40%
Kenya
40%
Kiribati
40%
Kuwait
40%
Lebanon
40%
Luxemburg
40%
Macau
40%
Madagascar
40%
Maldives
40%
Malta
40%
Moldova
40%
Monaco
40%
Mongolia
40%
Morocco
40%
Myanmar
40%
Namibia
40%
Nepal
40%
New Zeeland
40%
North Korea
40%
Pakistan
40%
Philippines
40%
Poland
40%
Qatar
40%
Serbia
40%
Singapore
40%
Slovakia
40%
Slovenia
40%
South Korea
40%
Switzerland
40%
Syria
40%
Tajikistan
40%
Togo
40%
Tonga
40%
Trinidad and Tobago
40%
Turkey
40%
Turkmenistan
40%
Ukraine
40%
Uzbekistan
40%
Venezuela
40%
Vietnam
40%
Afghanistan
30%
Antigua and Barbuda
30%
Armenia
30%
Azerbaijan
30%
Bahamas
30%
Bangladesh
30%
Bhutan
30%
Cambodia
30%
CAR
30%
Cook Islands
30%
Cuba
30%
Czechia
30%
Egypt
30%
Equatorial Guinea
30%
Eritrea
30%
Estonia
30%
Eswatini
30%
Gabon
30%
Ghana
30%
Guinea
30%
Guyana
30%
India
30%
Italy
30%
Jamaica
30%
Jordan
30%
Kyrgyzstan
30%
Laos
30%
Libya
30%
Liechtenstein
30%
Lithuania
30%
Mali
30%
Mauritania
30%
Micronesia
30%
Montenegro
30%
Mozambique
30%
Netherlands
30%
Oman
30%
Palau
30%
Papua New Guinea
30%
Russia
30%
Saint Lucia
30%
Salvador
30%
Samoa
30%
South Sudan
30%
Sudan
30%
Sweden
30%
Tanzania
30%
Thailand
30%
Timor Leste/East Timor
30%
UAE
30%
UK
30%
Vanuatu
30%
Yemen
30%
Zambia
30%
Angola
20%
Australia
20%
Barbados
20%
Bulgaria
20%
Chad
20%
Comoros
20%
Djibouti
20%
Dominica
20%
D.R.C
20%
Fiji
20%
Finland
20%
Georgia
20%
Grenada
20%
Indonesia
20%
Latvia
20%
Lesotho
20%
Liberia
20%
Malaysia
20%
Marshall Islands
20%
Nauru
20%
Nigeria
20%
North Macedonia
20%
Norway
20%
Romania
20%
Rwanda
20%
Saint Kitts and Nevis
20%
Saint Vincent and the Grenadines
20%
Seychelles
20%
South Africa
20%
Tuvalu
20%
Uganda
20%
Zimbabwe
20%
Benin
10%
Burundi
10%
Cabo Verde
10%
Congo
10%
Gambia
10%
Guinea Bissau
10%
Malawi
10%
Mauritius
10%
Sierra Leone
10%
Solomon Islands
10%
No matching quizzes found
Score Distribution
Percent of People with Each Score
Percentile by Number Answered
Your Score History
You have not taken this quiz since the last reset